Sukarkah komunikasi anda? : Seni berhubung dengan orang lain

Bibliographic Details
Main Author: Zulkifli Yusuf (Author)
Format: Book
Language:Malay
Published: Kuala Lumpur : utusan Publications 2002
Subjects:

MARC

LEADER 00000cam a2200000 7i4500
001 0000013013
005 20241021.0
008 030924 my may
020 |a 9676110094 
040 |a INS   |b eng   |e rda 
090 0 0 |a BF637.C45   |b .Z848 2002 
100 0 |a Zulkifli Yusuf ,   |e author 
245 1 0 |a Sukarkah komunikasi anda? :   |b Seni berhubung dengan orang lain   |c Zulkifli Yusuf 
264 1 |a Kuala Lumpur :   |b utusan Publications   |c 2002 
300 |a viii, 126 pAGES ;   |c 22 cm. 
336 |a text  |2 rdacontent 
337 |a unmediated  |2 rdamedia 
338 |a volume  |2 rdacarrier 
504 |a Includes bibliographical references 
650 0 |a Communication 
650 0 |a Communication   |x Social aspect 
650 0 |a Interpesonal, communication 
999 |a 0000008705   |b BOOK   |c Open Shelf   |e Default branch 
999 |a 0000013625   |b BOOK   |c Open Shelf   |e Default branch 
999 |a 0000013627   |b BOOK   |c Open Shelf   |e Default branch 
999 |a 0000013628   |b BOOK   |c Open Shelf   |e Default branch 
999 |a 0000013629   |b BOOK   |c Open Shelf   |e Default branch